[Event "Winnipeg TNT 2026.01"]
[Site "Winnipeg CAN"]
[Date "2026.01.27"]
[Round "4.1"]
[White "Zhang, Ian"]
[Black "Zhou, Zixuan"]
[Result "1/2-1/2"]
[WhiteElo "1805"]
[BlackElo "1908"]
[WhiteFideId "-1"]
[BlackFideId "-1"]
[PlyCount "84"]
[GameId "2274319460666171"]
[EventDate "2026.01.06"]
[EventType "swiss"]
[EventRounds "4"]
[EventCountry "CAN"]

1. e4 e6 2. d4 d5 3. Bd3 Nf6 4. e5 Nfd7 5. Nf3 c5 6. c3 Nc6 7. O-O Be7 8. Re1 b6 9. Nbd2 a5 10. a4 Ba6 11. Bxa6 Rxa6 12. Nf1 Ra8 13. Be3 Nf8 14. Ng3 Ng6 15. Qd2 cxd4 16. Bxd4 O-O 17. Qc2 Qc7 18. Qb3 Bc5 19. Rac1 Rfc8 20. Rc2 Bxd4 21. cxd4 Qb7 22. Rec1 Nb4 23. Rc3 Nf4 24. Ne1 h5 25. h4 g5 26. Qd1 gxh4 27. Nxh5 Ng6 28. Nf6+ Kg7 29. Qf3 Na2 30. Rxc8 Rxc8 31. Rxc8 Qxc8 32. Nh5+ Kf8 33. Qf6 Qe8 34. Nf4 Nxf4 35. Qh8+ Ke7 36. Qxh4+ Kf8 37. Qxf4 Qxa4 38. Qh6+ Ke8 39. Qh8+ Ke7 40. Qf6+ Ke8 41. Qh8+ Ke7 42. Qf6+ Ke8 1/2-1/2

[Event "Winnipeg TNT 2026.01"]
[Site "Winnipeg CAN"]
[Date "2026.01.27"]
[Round "4.2"]
[White "Zhang, Nicole"]
[Black "Atem, James"]
[Result "1-0"]
[WhiteElo "1816"]
[BlackElo "1801"]
[WhiteFideId "-1"]
[BlackFideId "-1"]
[PlyCount "87"]
[GameId "2274319460666172"]
[EventDate "2026.01.06"]
[EventType "swiss"]
[EventRounds "4"]
[EventCountry "CAN"]

1. e4 d6 2. d4 c6 3. Nf3 Nf6 4. Bd3 Na6 5. c3 Nc7 6. h3 g6 7. O-O Bg7 8. Bf4 O-O 9. Nbd2 Ne6 10. Bg3 Qb6 11. Nc4 Qd8 12. Qb3 Nxe4 13. Bxe4 d5 14. Bxd5 Qxd5 15. Rfe1 b6 16. Nce5 Nd8 17. c4 Qa5 18. Rad1 e6 19. a3 c5 20. Qd3 f6 21. Ng4 Bb7 22. d5 e5 23. Nd2 Nf7 24. Ne4 Nd8 25. Nd6 Qa6 26. f4 exf4 27. Bxf4 Bc8 28. Nxc8 Qxc8 29. d6 Nf7 30. Qd5 Qf5 31. Qd2 g5 32. Bg3 h5 33. Ne3 Qe4 34. d7 h4 35. Bd6 Rfd8 36. Bc7 Rf8 37. Qf2 Ne5 38. Nf5 Qxc4 39. Ne7+ Kh8 40. Bxe5 fxe5 41. Ng6+ Kh7 42. Nxf8+ Bxf8 43. d8=Q Rxd8 44. Rxd8 1-0

[Event "Winnipeg TNT 2026.01"]
[Site "Winnipeg CAN"]
[Date "2026.01.27"]
[Round "4.3"]
[White "Protsiuk, Svitlana"]
[Black "Kuryliw, Ray"]
[Result "1-0"]
[WhiteElo "2090"]
[BlackElo "1893"]
[WhiteFideId "-1"]
[BlackFideId "-1"]
[PlyCount "145"]
[GameId "2274319460666173"]
[EventDate "2026.01.06"]
[EventType "swiss"]
[EventRounds "4"]
[EventCountry "CAN"]

1. e4 e5 2. Nc3 Nf6 3. g3 Bc5 4. Bg2 d6 5. Nge2 Be6 6. O-O O-O 7. Nd5 Nxd5 8. exd5 Bf5 9. h3 Nd7 10. d3 f6 11. c3 Bb6 12. d4 Bg6 13. Kh2 a5 14. Be3 Rb8 15. Rc1 Qe7 16. Re1 Rfe8 17. c4 Bh5 18. g4 Bf7 19. Qd2 g5 20. Ng3 Bg6 21. a3 a4 22. Qb4 Ra8 23. Qb5 Ra5 24. Qb4 Raa8 25. Red1 exd4 26. Bxd4 Bxd4 27. Rxd4 Nc5 28. Rf1 Qe5 29. Rd2 Qf4 30. Kg1 Kf7 31. Ne2 Rxe2 32. Rxe2 Bd3 33. Rfe1 Bxe2 34. Rxe2 Re8 35. Rxe8 Kxe8 36. Bf1 b6 37. Qb5+ Kf7 38. Qc6 Ne4 39. Qxc7+ Kg6 40. Qxb6 Qc1 41. Kg2 Qd2 42. Qe3 Qxe3 43. fxe3 Kf7 44. Bd3 Nd2 45. Kf2 h6 46. Ke2 Nb3 47. Bc2 Nc5 48. Kd2 Nd7 49. Bxa4 Ne5 50. Bb3 Nf3+ 51. Ke2 Ne5 52. Ba2 f5 53. gxf5 Kf6 54. e4 h5 55. b4 g4 56. hxg4 hxg4 57. Kf2 Kg5 58. Kg3 Nd3 59. Bb1 Nc1 60. f6 Kxf6 61. Kxg4 Ke5 62. c5 dxc5 63. bxc5 Nb3 64. c6 Kd6 65. Bc2 Nc5 66. Kf4 Na6 67. Bd3 Nc7 68. Ke3 Ke5 69. a4 Ne8 70. a5 Nc7 71. a6 Na8 72. a7 Nc7 73. Ba6 1-0

[Event "Winnipeg TNT 2026.01"]
[Site "Winnipeg CAN"]
[Date "2026.01.27"]
[Round "4.4"]
[White "Ling, Aiden"]
[Black "Wang, Muyu"]
[Result "1-0"]
[WhiteElo "1756"]
[BlackElo "1976"]
[WhiteFideId "-1"]
[BlackFideId "-1"]
[PlyCount "103"]
[GameId "2274319460666174"]
[EventDate "2026.01.06"]
[EventType "swiss"]
[EventRounds "4"]
[EventCountry "CAN"]

1. e4 c5 2. Ne2 Nc6 3. Nbc3 d6 4. g3 g6 5. Bg2 Bg7 6. d3 Nf6 7. h3 a6 8. Be3 Qc7 9. a4 O-O 10. Qd2 Rd8 11. Bh6 Bh8 12. f4 Nd4 13. g4 e6 14. f5 Nxe2 15. Kxe2 d5 16. fxg6 fxg6 17. Raf1 dxe4 18. Nxe4 Nxe4 19. Bxe4 Bd7 20. Qg5 Qe5 21. Qe7 Bg7 22. Qf7+ Kh8 23. Bxg7+ Qxg7 24. Qxg7+ Kxg7 25. a5 Rac8 26. b3 Bc6 27. Bxc6 Rxc6 28. Rf4 Rf8 29. Rhf1 Rxf4 30. Rxf4 e5 31. Re4 Kf6 32. g5+ Kf5 33. h4 Rc7 34. Rc4 Ke6 35. b4 Kd6 36. Rxc5 Rxc5 37. bxc5+ Kxc5 38. Ke3 Kd5 39. c3 Kd6 40. Ke4 Ke6 41. d4 exd4 42. cxd4 Kd6 43. d5 Kd7 44. Ke5 Ke7 45. d6+ Kd7 46. Kd5 Kd8 47. Ke6 Ke8 48. d7+ Kd8 49. Kd6 b5 50. axb6 a5 51. b7 a4 52. b8=R# 1-0

[Event "Winnipeg TNT 2026.01"]
[Site "Winnipeg CAN"]
[Date "2026.01.27"]
[Round "4.5"]
[White "Rutter, Blair"]
[Black "Sharma, Sushant"]
[Result "1-0"]
[WhiteElo "1904"]
[BlackElo "1720"]
[WhiteFideId "-1"]
[BlackFideId "-1"]
[PlyCount "89"]
[GameId "2274319460731711"]
[EventDate "2026.01.06"]
[EventType "swiss"]
[EventRounds "4"]
[EventCountry "CAN"]

1. c4 e5 2. g3 f5 3. d3 Nf6 4. Nc3 Bb4 5. Bg2 d6 6. Qa4+ Nc6 7. Bxc6+ bxc6 8. Qxb4 O-O 9. Bg5 a5 10. Qa4 Bd7 11. Qc2 h6 12. Bxf6 Qxf6 13. Nf3 f4 14. O-O-O a4 15. a3 Rfb8 16. Ne4 Qe6 17. gxf4 exf4 18. h4 Ra6 19. Kd2 Rab6 20. Rb1 Re8 21. Kd1 Rb3 22. Nd4 Qe7 23. Nxb3 axb3 24. Qxb3 Bf5 25. f3 Kh8 26. Qc2 d5 27. cxd5 cxd5 28. Nc3 c6 29. Qd2 Qe5 30. b4 h5 31. Rg1 Qd4 32. Kc2 Qf6 33. Rg5 g6 34. Rbg1 Qf7 35. Ra1 d4 36. Ne4 c5 37. Nxc5 Rc8 38. Kd1 Bh3 39. Rc1 Ra8 40. Qb2 Rd8 41. Ne4 Bf5 42. Qc2 Rc8 43. Rxf5 Rxc2 44. Rxf7 Ra2 45. Rc8# 1-0

[Event "Winnipeg TNT 2026.01"]
[Site "Winnipeg CAN"]
[Date "2026.01.27"]
[Round "4.6"]
[White "Nagelberg, Alan"]
[Black "Jin, Winston"]
[Result "1-0"]
[WhiteElo "1966"]
[BlackElo "1804"]
[WhiteFideId "-1"]
[BlackFideId "-1"]
[PlyCount "63"]
[GameId "2274319460731712"]
[EventDate "2026.01.06"]
[EventType "swiss"]
[EventRounds "4"]
[EventCountry "CAN"]

1. d4 d5 2. Nf3 Nf6 3. e3 e6 4. Bd3 c5 5. c3 Nc6 6. O-O Bd6 7. Nbd2 O-O 8. dxc5 Bxc5 9. b4 Bd6 10. Bb2 a6 11. a3 b5 12. a4 Rb8 13. axb5 axb5 14. Qe2 Qb6 15. e4 Ne5 16. Nxe5 Bxe5 17. exd5 Qc7 18. Nf3 Bd6 19. dxe6 Bxe6 20. Bxb5 Bg4 21. c4 Bxh2+ 22. Kh1 Qf4 23. Qe5 Qxf3 24. Kxh2 Qb7 25. Qg5 h6 26. Qh4 Qc7+ 27. Kg1 Qf4 28. Ra3 Rxb5 29. cxb5 Qxb4 30. Bxf6 Qxa3 31. Qxg4 g6 32. Qh4 1-0

[Event "Winnipeg TNT 2026.01"]
[Site "Winnipeg CAN"]
[Date "2026.01.27"]
[Round "4.7"]
[White "Essery, Richard"]
[Black "Green, Jim"]
[Result "1-0"]
[WhiteElo "1473"]
[BlackElo "1850"]
[WhiteFideId "-1"]
[BlackFideId "-1"]
[PlyCount "97"]
[GameId "2274319460731713"]
[EventDate "2026.01.06"]
[EventType "swiss"]
[EventRounds "4"]
[EventCountry "CAN"]

1. d4 e6 2. Bf4 b6 3. Nf3 Bb7 4. Nbd2 Nf6 5. h3 Be7 6. e3 O-O 7. c3 Ne4 8. Bd3 f5 9. Qc2 d5 10. Ne5 Nxd2 11. Qxd2 Nd7 12. Nf3 Nf6 13. O-O-O Ne4 14. Qc2 c5 15. Ne5 c4 16. Bf1 Bd6 17. f3 Bxe5 18. dxe5 Nc5 19. Bxc4 Ba6 20. Bxa6 Nxa6 21. g4 g5 22. Bg3 f4 23. exf4 gxf4 24. Bf2 Qc7 25. Rhe1 Rac8 26. Rd4 Nb8 27. Qd2 Qf7 28. Qe2 Nc6 29. Rdd1 Na5 30. Bh4 Nc4 31. Bf6 Qg6 32. g5 Na3 33. bxa3 Rxc3+ 34. Kb2 Re3 35. Qf2 Rc8 36. Rxe3 fxe3 37. Qe2 Rc5 38. Rc1 d4 39. Rxc5 bxc5 40. Qa6 Qf7 41. Qc8+ Qf8 42. Qxe6+ Qf7 43. Qc8+ Qf8 44. Qxf8+ Kxf8 45. Kc2 c4 46. e6 d3+ 47. Kd1 a6 48. f4 Ke8 49. f5 1-0

[Event "Winnipeg TNT 2026.01"]
[Site "Winnipeg CAN"]
[Date "2026.01.27"]
[Round "4.8"]
[White "Curtis, Rory"]
[Black "Gannon, Keith"]
[Result "1-0"]
[WhiteElo "1755"]
[BlackElo "1575"]
[WhiteFideId "-1"]
[BlackFideId "-1"]
[PlyCount "107"]
[GameId "2274319460731714"]
[EventDate "2026.01.06"]
[EventType "swiss"]
[EventRounds "4"]
[EventCountry "CAN"]

1. d4 d5 2. c4 e6 3. cxd5 exd5 4. Nc3 Nf6 5. Nf3 Be7 6. Bf4 O-O 7. e3 a6 8. Rc1 Nc6 9. Be2 Re8 10. O-O Bg4 11. h3 Bxf3 12. Bxf3 Bb4 13. a3 Bxc3 14. Rxc3 Ne4 15. Rc2 Qe7 16. b4 Rad8 17. Qd3 f5 18. Rfc1 g5 19. Be5 Nxe5 20. dxe5 c6 21. Bh5 Qxe5 22. Bxe8 Rxe8 23. Qd4 Qxd4 24. exd4 f4 25. Re1 Rf8 26. Rce2 f3 27. Rc2 h5 28. gxf3 Rxf3 29. Re3 Rxe3 30. fxe3 h4 31. Rg2 Kg7 32. Kf1 Kg6 33. Ke2 b6 34. Kf3 Kf5 35. Rc2 c5 36. dxc5 bxc5 37. bxc5 Ke6 38. c6 Nd6 39. Kg4 Nc4 40. Rc3 Kd6 41. c7 Kxc7 42. Kxg5 Kb6 43. Kxh4 Kc5 44. Kg5 d4 45. exd4+ Kxd4 46. Rxc4+ Kxc4 47. h4 Kb3 48. h5 Kxa3 49. h6 a5 50. h7 a4 51. h8=Q Kb3 52. Qa1 a3 53. Qb1+ Ka4 54. Qa2 1-0

[Event "Winnipeg TNT 2026.01"]
[Site "Winnipeg CAN"]
[Date "2026.01.27"]
[Round "4.10"]
[White "Wang, Elvis"]
[Black "Trueman, Francis"]
[Result "1-0"]
[WhiteElo "1546"]
[BlackElo "1401"]
[WhiteFideId "-1"]
[BlackFideId "-1"]
[PlyCount "35"]
[GameId "2274319460731716"]
[EventDate "2026.01.06"]
[EventType "swiss"]
[EventRounds "4"]
[EventCountry "CAN"]

1. d4 Nf6 2. c4 d6 3. Nc3 Nbd7 4. Nf3 e5 5. dxe5 dxe5 6. Bg5 g6 7. Nxe5 Qe7 8. Nxd7 Bxd7 9. Nd5 Qe5 10. Nxf6+ Qxf6 11. Bxf6 Rg8 12. e3 Bd6 13. Be2 Bb4+ 14. Bc3 Bd6 15. O-O O-O-O 16. Qb3 h5 17. Bf3 h4 18. Qxb7# 1-0

[Event "Winnipeg TNT 2026.01"]
[Site "Winnipeg CAN"]
[Date "2026.01.27"]
[Round "4.11"]
[White "Klokow, John"]
[Black "Zhang, Oscar"]
[Result "1-0"]
[WhiteElo "1839"]
[BlackElo "1387"]
[WhiteFideId "-1"]
[BlackFideId "-1"]
[PlyCount "63"]
[GameId "2274319460731717"]
[EventDate "2026.01.06"]
[EventType "swiss"]
[EventRounds "4"]
[EventCountry "CAN"]

1. e4 e5 2. Nf3 Nc6 3. Bc4 Bc5 4. O-O Nf6 5. d3 h6 6. Nbd2 O-O 7. h3 d6 8. c3 Bb6 9. Bb3 Be6 10. Bc2 d5 11. exd5 Nxd5 12. Nc4 f6 13. Nxb6 axb6 14. Re1 Bf7 15. Nh4 Qd6 16. Nf5 Qe6 17. Qg4 g5 18. Nxh6+ Kh7 19. Nxf7 Qxf7 20. d4+ Kg7 21. h4 exd4 22. Qf5 Rh8 23. hxg5 Qh5 24. gxf6+ Kf8 25. Qxh5 Rxh5 26. g4 Rh8 27. g5 Kf7 28. Bb3 Rad8 29. cxd4 Nxd4 30. Re7+ Kf8 31. Bxd5 Rxd5 32. g6 1-0

[Event "Winnipeg TNT 2026.02"]
[Site "Winnipeg CAN"]
[Date "2026.02.03"]
[Round "1.1"]
[White "Protsiuk, Svitlana"]
[Black "Jin, Winston"]
[Result "1-0"]
[WhiteElo "2087"]
[BlackElo "1792"]
[WhiteFideId "-1"]
[BlackFideId "-1"]
[PlyCount "117"]
[GameId "2285889121890583"]
[EventDate "2026.02.03"]
[EventType "swiss"]
[EventRounds "4"]
[EventCountry "CAN"]

1. e4 c5 2. c3 Nf6 3. e5 Nd5 4. d4 cxd4 5. cxd4 e6 6. Nc3 d6 7. exd6 Bxd6 8. Nf3 Nc6 9. Bc4 Nb6 10. Bd3 Bd7 11. O-O h6 12. Be3 Ne7 13. Rc1 Bc6 14. Ne5 Bxe5 15. dxe5 Ned5 16. Re1 Nxc3 17. Rxc3 Nd5 18. Qg4 Qc7 19. Rcc1 Qe7 20. Bd2 O-O-O 21. Bb5 Qd7 22. Ba5 Rde8 23. Qa4 Kb8 24. Bxc6 bxc6 25. Rxc6 Rc8 26. Rec1 Rxc6 27. Rxc6 Rc8 28. Qb5+ Ka8 29. Rxc8+ Qxc8 30. g3 a6 31. Qe2 Qc6 32. h3 Kb7 33. Qf3 Qd7 34. Kg2 Ka7 35. Qg4 Ne7 36. Bc3 Nf5 37. Qe4 Qb7 38. Kf3 Ne7 39. Bb4 Ng6 40. Qxb7+ Kxb7 41. Ke4 Kc6 42. f4 h5 43. a4 Kb6 44. h4 Kc6 45. Bd6 f5+ 46. Kd4 Nh8 47. Bf8 g6 48. b4 Nf7 49. Be7 Nh6 50. Kc4 Ng4 51. b5+ axb5+ 52. axb5+ Kb6 53. Bc5+ Kb7 54. Bg1 Nh6 55. Kc5 Nf7 56. b6 Kb8 57. Kc6 Kc8 58. b7+ Kb8 59. Bb6 1-0

[Event "Winnipeg TNT 2026.02"]
[Site "Winnipeg CAN"]
[Date "2026.02.03"]
[Round "1.2"]
[White "Kim, Sunyo"]
[Black "Punay, Rhailey"]
[Result "0-1"]
[WhiteElo "1757"]
[BlackElo "2017"]
[WhiteFideId "-1"]
[BlackFideId "-1"]
[PlyCount "60"]
[GameId "2285889121915160"]
[EventDate "2026.02.03"]
[EventType "swiss"]
[EventRounds "4"]
[EventCountry "CAN"]

1. e4 e5 2. Nf3 Nc6 3. Bc4 Nf6 4. Ng5 d5 5. exd5 b5 6. Bxb5 Qxd5 7. Bxc6+ Qxc6 8. O-O Bb7 9. f3 Bc5+ 10. Kh1 h6 11. Nh3 O-O-O 12. d3 g5 13. Qe2 Rhg8 14. Nd2 g4 15. Ng1 gxf3 16. Ngxf3 Rg6 17. Nc4 e4 18. dxe4 Qxe4 19. Qxe4 Nxe4 20. Be3 Bxe3 21. Nxe3 Nd2 22. Rf2 Nxf3 23. gxf3 Re8 24. Nf1 Re2 25. Rxe2 Bxf3+ 26. Rg2 Rxg2 27. h4 Rxc2+ 28. Kg1 Rg2+ 29. Kh1 Rxb2+ 30. Kg1 Rg2+ 0-1

[Event "Winnipeg TNT 2026.02"]
[Site "Winnipeg CAN"]
[Date "2026.02.03"]
[Round "1.3"]
[White "Wang, Lucas"]
[Black "Curtis, Rory"]
[Result "1/2-1/2"]
[WhiteElo "1946"]
[BlackElo "1740"]
[WhiteFideId "-1"]
[BlackFideId "-1"]
[PlyCount "92"]
[GameId "2285889121923353"]
[EventDate "2026.02.03"]
[EventType "swiss"]
[EventRounds "4"]
[EventCountry "CAN"]

1. d4 Nf6 2. Nc3 g6 3. e4 Bg7 4. Nf3 d6 5. h3 O-O 6. Bf4 Nbd7 7. Qd2 Re8 8. O-O-O c5 9. dxc5 Nxc5 10. e5 Nfe4 11. Nxe4 Nxe4 12. Qe3 Nc5 13. exd6 Qb6 14. c3 Be6 15. dxe7 Rxe7 16. Bd6 Rd7 17. Qxc5 Rad8 18. Qxb6 axb6 19. a3 Rxd6 20. Rxd6 Rxd6 21. Bb5 Bf5 22. Ng5 Bh6 23. f4 f6 24. g4 fxg5 25. gxf5 gxf4 26. Rd1 Bf8 27. Rxd6 Bxd6 28. fxg6 hxg6 29. Kd2 Kf7 30. Bc4+ Kf6 31. Ke2 Ke5 32. Kf3 g5 33. Bd3 Bc5 34. Be4 Be3 35. b3 Bc1 36. Bxb7 Bxa3 37. Ke2 Bc1 38. Kd3 Be3 39. Bf3 Bf2 40. Kc4 Kd6 41. Kb5 Kc7 42. Kc4 Kd6 43. Kd3 Ke5 44. Ke2 Be3 45. Bc6 Bg1 46. Kf3 Be3 1/2-1/2

[Event "Winnipeg TNT 2026.02"]
[Site "Winnipeg CAN"]
[Date "2026.02.03"]
[Round "1.4"]
[White "Voth, Levi"]
[Black "Zhou, Joe"]
[Result "0-1"]
[WhiteElo "1680"]
[BlackElo "1918"]
[WhiteFideId "-1"]
[BlackFideId "-1"]
[PlyCount "62"]
[GameId "2285889121931546"]
[EventDate "2026.02.03"]
[EventType "swiss"]
[EventRounds "4"]
[EventCountry "CAN"]

1. d4 d5 2. Nc3 c6 3. Bf4 Nf6 4. e3 Bf5 5. Bd3 Bg6 6. Nf3 e6 7. O-O Bd6 8. Ne5 Qe7 9. a3 Nbd7 10. b4 Ne4 11. Nxg6 hxg6 12. Nxe4 dxe4 13. Bxe4 Bxf4 14. exf4 Qh4 15. h3 Qxf4 16. Qf3 Qxf3 17. Bxf3 Rd8 18. a4 Nb6 19. c3 Nd5 20. Rfc1 Ke7 21. b5 Rd6 22. Rab1 cxb5 23. Rxb5 b6 24. Rb3 Rc8 25. c4 Nf4 26. c5 Rxd4 27. c6 Rd3 28. c7 Rxb3 29. Bb7 Ne2+ 30. Kh2 Nxc1 31. Bxc8 Rc3 0-1

[Event "Winnipeg TNT 2026.02"]
[Site "Winnipeg CAN"]
[Date "2026.02.03"]
[Round "1.5"]
[White "Rutter, Blair"]
[Black "Gannon, Keith"]
[Result "0-1"]
[WhiteElo "1910"]
[BlackElo "1571"]
[WhiteFideId "-1"]
[BlackFideId "-1"]
[PlyCount "110"]
[GameId "2285889121939739"]
[EventDate "2026.02.03"]
[EventType "swiss"]
[EventRounds "4"]
[EventCountry "CAN"]

1. c4 c5 2. g3 g6 3. Bg2 Bg7 4. Nc3 Nf6 5. e4 Nc6 6. d3 e6 7. Nge2 O-O 8. O-O a6 9. Be3 d6 10. h3 Rb8 11. a4 b6 12. Qd2 Bb7 13. f4 Ne7 14. d4 cxd4 15. Bxd4 Ne8 16. Rad1 Bxd4+ 17. Qxd4 Qc7 18. b3 Qc5 19. Kh2 Qxd4 20. Nxd4 Nc6 21. Rf2 Nxd4 22. Rxd4 f5 23. Rfd2 fxe4 24. Bxe4 Rf7 25. Bg2 Bxg2 26. Kxg2 Rd8 27. Ne4 Rfd7 28. Kf3 Kg7 29. g4 h6 30. b4 Kf7 31. h4 Ke7 32. c5 bxc5 33. bxc5 d5 34. Nf2 Rb7 35. g5 h5 36. Nd3 Rb3 37. Ke2 Rc8 38. Rc2 Ng7 39. Ne5 Nf5 40. Nxg6+ Kf7 41. Ne5+ Kg7 42. Rd3 Rb4 43. Rd1 Nd4+ 44. Rxd4 Rxd4 45. Kf3 Rxa4 46. Nd7 Ra3+ 47. Kg2 a5 48. Nf6 Kg6 49. Nd7 a4 50. c6 Rc7 51. Rb2 Rb3 52. Ra2 a3 53. Kg1 Rb1+ 54. Kf2 Rb2+ 55. Rxb2 axb2 0-1

[Event "Winnipeg TNT 2026.02"]
[Site "Winnipeg CAN"]
[Date "2026.02.03"]
[Round "1.6"]
[White "Essery, Richard"]
[Black "Kuryliw, Ray"]
[Result "0-1"]
[WhiteElo "1524"]
[BlackElo "1890"]
[WhiteFideId "-1"]
[BlackFideId "-1"]
[PlyCount "24"]
[GameId "2285889121943836"]
[EventDate "2026.02.03"]
[EventType "swiss"]
[EventRounds "4"]
[EventCountry "CAN"]

1. d4 Nf6 2. Bf4 g6 3. Nf3 Bg7 4. Nbd2 d6 5. e3 Nbd7 6. c3 b6 7. Qc2 Bb7 8. Bd3 c5 9. O-O-O Rc8 10. Kb1 Nd5 11. a3 cxd4 12. exd4 Nxf4 0-1

[Event "Winnipeg TNT 2026.02"]
[Site "Winnipeg CAN"]
[Date "2026.02.03"]
[Round "1.7"]
[White "Zhang, Nicole"]
[Black "Lam, Jacob"]
[Result "1-0"]
[WhiteElo "1844"]
[BlackElo "1286"]
[WhiteFideId "-1"]
[BlackFideId "-1"]
[PlyCount "93"]
[GameId "2285889121943837"]
[EventDate "2026.02.03"]
[EventType "swiss"]
[EventRounds "4"]
[EventCountry "CAN"]

1. e4 c6 2. d4 d5 3. Nc3 dxe4 4. Nxe4 Nf6 5. Ng3 e6 6. Nf3 Bd6 7. Bd3 Nbd7 8. Bd2 c5 9. dxc5 Nxc5 10. O-O Nxd3 11. cxd3 Bxg3 12. hxg3 Qxd3 13. Qa4+ Bd7 14. Qb4 Qb5 15. Qa3 Ne4 16. Be3 b6 17. Rfe1 Qa4 18. Qxa4 Bxa4 19. Bxb6 Nxg3 20. Bxa7 Rxa7 21. fxg3 O-O 22. b3 Bc6 23. a4 Rb8 24. Reb1 g6 25. Nd4 Bd7 26. a5 Ra6 27. b4 e5 28. Ne2 h5 29. Nc3 Bf5 30. Rb2 Bd3 31. b5 Ra7 32. b6 Raa8 33. Nd5 Rd8 34. Nc7 Rab8 35. a6 Be4 36. a7 Rbc8 37. b7 Rb8 38. axb8=Q Rxb8 39. Ra7 Bd3 40. Ra8 Rxa8 41. bxa8=Q+ Kg7 42. Ne8+ Kh6 43. Nf6 g5 44. Rb6 g4 45. Qh8+ Kg6 46. Qh7+ Kg5 47. Qxh5# 1-0

[Event "Winnipeg TNT 2026.02"]
[Site "Winnipeg CAN"]
[Date "2026.02.03"]
[Round "1.8"]
[White "Zhang, Oscar"]
[Black "Klokow, John"]
[Result "0-1"]
[WhiteElo "1365"]
[BlackElo "1841"]
[WhiteFideId "-1"]
[BlackFideId "-1"]
[PlyCount "46"]
[GameId "2285889121952030"]
[EventDate "2026.02.03"]
[EventType "swiss"]
[EventRounds "4"]
[EventCountry "CAN"]

1. e4 e5 2. Nf3 Nc6 3. Bc4 Nf6 4. Ng5 d5 5. exd5 Na5 6. Bb5+ c6 7. dxc6 bxc6 8. Be2 h6 9. Nf3 e4 10. Ne5 Qc7 11. d4 exd3 12. Nxd3 Bd6 13. h3 c5 14. Be3 c4 15. Nc1 Bb7 16. Bf3 Rd8 17. Qe2 O-O 18. Bxb7 Qxb7 19. Bd4 Rfe8 20. Be3 Qxb2 21. O-O Qxa1 22. Nd2 Qe5 23. Nxc4 Qh2# 0-1

[Event "Winnipeg TNT 2026.02"]
[Site "Winnipeg CAN"]
[Date "2026.02.10"]
[Round "2.1"]
[White "Kuryliw, Ray"]
[Black "Protsiuk, Svitlana"]
[Result "0-1"]
[WhiteElo "1890"]
[BlackElo "2087"]
[WhiteFideId "-1"]
[BlackFideId "-1"]
[PlyCount "118"]
[GameId "2285889121960224"]
[EventDate "2026.02.03"]
[EventType "swiss"]
[EventRounds "4"]
[EventCountry "CAN"]

1. d4 Nf6 2. Nf3 g6 3. Bf4 Bg7 4. e3 O-O 5. Nbd2 c5 6. c3 b6 7. Be2 Bb7 8. O-O d5 9. Ne5 Nfd7 10. Re1 f6 11. Nd3 e5 12. Bg3 Nc6 13. dxc5 Nxc5 14. Nb4 Nxb4 15. cxb4 Ne6 16. Qb3 f5 17. f4 e4 18. Red1 Qf6 19. Rac1 Qxb2 20. Rc2 Qxb3 21. Nxb3 Rac8 22. Rdc1 Rxc2 23. Rxc2 Bf6 24. Bf2 Kg7 25. g3 Rf7 26. Kf1 h6 27. a4 g5 28. h3 gxf4 29. gxf4 d4 30. Bc4 Rc7 31. Rc1 dxe3 32. Bxe3 Rxc4 33. Rxc4 Bd5 34. Nd2 Bxc4+ 35. Nxc4 Bc3 36. Nd6 Kf6 37. Nc8 Bxb4 38. Nxa7 Bc5 39. Ke2 Ke7 40. Nc8+ Kd7 41. Nxb6+ Bxb6 42. Bxb6 Nxf4+ 43. Kf2 Nd5 44. Bd4 f4 45. a5 Kc6 46. a6 Nb4 47. a7 Kb7 48. h4 h5 49. Ke2 Nc6 50. Bc5 Nxa7 51. Bd6 f3+ 52. Ke3 Kc6 53. Bg3 Kd5 54. Kf4 Nc6 55. Bf2 Ne5 56. Kg5 Ng4 57. Bb6 f2 58. Bxf2 Nxf2 59. Kxh5 e3 0-1

[Event "Winnipeg TNT 2026.02"]
[Site "Winnipeg CAN"]
[Date "2026.02.10"]
[Round "2.2"]
[White "Punay, Rhailey"]
[Black "Zhang, Nicole"]
[Result "1-0"]
[WhiteElo "2017"]
[BlackElo "1844"]
[WhiteFideId "-1"]
[BlackFideId "-1"]
[PlyCount "91"]
[GameId "2285889121960225"]
[EventDate "2026.02.03"]
[EventType "swiss"]
[EventRounds "4"]
[EventCountry "CAN"]

1. e4 e5 2. Nf3 Nc6 3. d4 exd4 4. Bc4 Nf6 5. e5 d5 6. Bb5 Ne4 7. Nxd4 Bd7 8. Bxc6 bxc6 9. O-O Bc5 10. f3 Ng5 11. f4 Ne4 12. Be3 Rb8 13. b3 Bb6 14. Nd2 Nc5 15. Qh5 Ne6 16. N2f3 Bxd4 17. Nxd4 c5 18. Nxe6 Bxe6 19. Bxc5 g6 20. Qe2 a5 21. g4 Qh4 22. Qg2 Qxg4 23. Rad1 Qxg2+ 24. Kxg2 Rb5 25. Ba3 c6 26. Rd4 c5 27. Rd2 h5 28. Rfd1 O-O 29. Rxd5 Bxd5+ 30. Rxd5 Rc8 31. c4 Rb7 32. Bxc5 Rc6 33. Rd8+ Kg7 34. Bf8+ Kh7 35. Ra8 f6 36. Rxa5 fxe5 37. fxe5 Rc8 38. Bd6 Rf7 39. Rc5 Ra8 40. a4 Raa7 41. e6 Rf6 42. e7 Ra8 43. Rd5 Re6 44. Bc5 Rc8 45. Ba3 Rc7 46. Rd8 1-0

[Event "Winnipeg TNT 2026.02"]
[Site "Winnipeg CAN"]
[Date "2026.02.10"]
[Round "2.3"]
[White "Zhou, Zixuan"]
[Black "Pottinger, Carl"]
[Result "1-0"]
[WhiteElo "1918"]
[BlackElo "1833"]
[WhiteFideId "-1"]
[BlackFideId "-1"]
[PlyCount "57"]
[GameId "2285889121960226"]
[EventDate "2026.02.03"]
[EventType "swiss"]
[EventRounds "4"]
[EventCountry "CAN"]

1. Nf3 g6 2. c4 Bg7 3. Nc3 c5 4. g3 Nc6 5. Bg2 d6 6. O-O e5 7. d3 Nf6 8. e4 O-O 9. Rb1 a5 10. a3 h6 11. h3 Ne8 12. Bd2 Nc7 13. Na4 Ne6 14. b4 axb4 15. axb4 b6 16. b5 Ncd4 17. Nxd4 Nxd4 18. Ra1 Be6 19. Be3 Qc7 20. Bxd4 cxd4 21. Qb3 Ra5 22. f4 f6 23. f5 Bf7 24. fxg6 Bxg6 25. Nxb6 Rxa1 26. Rxa1 Qxb6 27. c5+ Bf7 28. cxb6 Bxb3 29. b7 1-0

[Event "Winnipeg TNT 2026.02"]
[Site "Winnipeg CAN"]
[Date "2026.02.10"]
[Round "2.4"]
[White "Gannon, Keith"]
[Black "Wang, Lucas"]
[Result "0-1"]
[WhiteElo "1571"]
[BlackElo "1946"]
[WhiteFideId "-1"]
[BlackFideId "-1"]
[PlyCount "88"]
[GameId "2285889121968419"]
[EventDate "2026.02.03"]
[EventType "swiss"]
[EventRounds "4"]
[EventCountry "CAN"]

1. Nf3 Nf6 2. Nc3 d5 3. d4 Bf5 4. Bf4 e6 5. a3 c6 6. e3 Bd6 7. Bxd6 Qxd6 8. Ne5 Nbd7 9. Nxd7 Nxd7 10. Be2 e5 11. Bg4 Qe6 12. Bxf5 Qxf5 13. O-O O-O 14. Qd2 Rfe8 15. b4 exd4 16. exd4 Re6 17. Rfe1 Rae8 18. Rxe6 Rxe6 19. Rf1 Nb6 20. a4 Nc4 21. Qc1 h6 22. b5 Qg4 23. Qd1 Qxd1 24. Rxd1 Na3 25. bxc6 bxc6 26. h3 Nxc2 27. a5 Re1+ 28. Rxe1 Nxe1 29. a6 Nc2 30. Na4 Nxd4 31. Nc5 Ne6 32. Nd7 Nc7 33. Nb8 c5 34. Kf1 f5 35. Ke2 Kf7 36. Kd3 Ke6 37. f4 Kd6 38. g4 Ne6 39. gxf5 Nxf4+ 40. Kc3 Nxh3 41. Kb3 Kc7 42. Ka4 Kxb8 43. Kb5 d4 44. Kxc5 d3 0-1

[Event "Winnipeg TNT 2026.02"]
[Site "Winnipeg CAN"]
[Date "2026.02.10"]
[Round "2.5"]
[White "Curtis, Rory"]
[Black "Gres, Yakiv"]
[Result "0-1"]
[WhiteElo "1740"]
[BlackElo "2174"]
[WhiteFideId "-1"]
[BlackFideId "-1"]
[PlyCount "64"]
[GameId "2285889121968420"]
[EventDate "2026.02.03"]
[EventType "swiss"]
[EventRounds "4"]
[EventCountry "CAN"]

1. d4 c5 2. d5 Nf6 3. c4 d6 4. Nc3 g6 5. Nf3 Bg7 6. e4 O-O 7. Be2 e6 8. O-O exd5 9. exd5 Bg4 10. Bg5 h6 11. Be3 Nbd7 12. Rc1 Re8 13. h3 Bxf3 14. Bxf3 Ne5 15. Be2 a6 16. Qd2 Kh7 17. f4 Ned7 18. Bd3 b5 19. b3 b4 20. Ne2 Ne4 21. Bxe4 Rxe4 22. Ng3 Rxe3 23. Kh2 Qe7 24. Rce1 Re8 25. Rxe3 Qxe3 26. Qxe3 Rxe3 27. Rf2 Bd4 28. Rc2 Nf6 29. Nf1 Re1 30. Ng3 Bg1+ 31. Kh1 Be3+ 32. Kh2 Bxf4 0-1